| 000 | 00000nas 2200000za 4500 |
| 001 | 9.840684 |
| 003 | CaOODSP |
| 005 | 20240228111944 |
| 007 | cr ||||||||||| |
| 008 | 170731d20142018nfcar p o f0###|0eng|d |
| 040 | |aCaOODSP|beng |
| 043 | |an-cn-nf |
| 086 | 1 |aCC527-2E-PDF |
| 110 | 2 |aMarine Atlantic Inc. |
| 245 | 10|aAccess to Information Act |h[electronic resource] : |bMarine Atlantic Inc. annual report to Parliament. |
| 260 | |a[St. John's, Newfoundland and Labrador] : |bMarine Atlantic, |c[2014]-[2018] |
| 310 | |aAnnual |
| 362 | 1 |aBegan with: April 1, 2013-March 31, 2014; ceased with April 1, 2017 - March 31, 2018. |
| 500 | |aIssued also in French under title: Loi sur l'accès à l'information, Marine Atlantique S.C.C., rapport annuel au parlement. |
| 500 | |aCover title. |
| 692 | 07|2gccst|aFerries |
| 692 | 07|2gccst|aAccess to information |
| 775 | 08|tLoi sur l'accès à l'information |w(CaOODSP)9.840689 |